Names - True or False #2 - Statistics

General Stats
  • This quiz has been taken 31 times
  • The average score is 11 of 15
Answer Stats
Question Answer % Correct
"Dean" rhymes with "Sean". False
100%
"Dean" and "Dawn" are pronounced the name. False
100%
"Frances" is a male name, while "Francis" is a female name. False
100%
"Jose" is the Spanish form of "John". False
100%
"Jesus" is a common name in Spanish speaking countries. True
100%
"Dick" is a nickname for "Richard". True
100%
"Sean" and "Shaun" are pronounced the same. True
100%
"Gert" is short for "Gertrude". True
100%
The names "Elizabeth" and "Isabelle" are related. True
100%
The names "Alex" and "Sasha" are related. True
100%
"Daisuke" is a female name. False
50%
"Imani" is a Nigerian name. False
50%
"Harvey", "Irma", "Maria" and "Nigel" are all retired storm names in the 2017 hurricane season. False
0%
"Florence" was a popular name in France. True
0%
There once was a storm named "Vince". True
0%
No matching quizzes found
Score Distribution
Percent of People with Each Score
Percentile by Number Answered
Your Score History
You have not taken this quiz